NFL QBs with 40,000+ Career Passing Yards - Statistics

General Stats
  • This quiz has been taken 987 times
  • The average score is 13 of 22
Answer Stats
Passing Yards Answer % Correct
78,067 Tom Brady
100%
79,612 Drew Brees
96%
57,023 Eli Manning
94%
71,940 Peyton Manning
94%
50,631 Aaron Rodgers
82%
61,361 Dan Marino
80%
40,551 Joe Montana
79%
62,778 Philip Rivers
74%
71,838 Brett Favre
72%
59,837 Ben Roethlisberger
69%
51,475 John Elway
67%
54,846 Matt Ryan
67%
44,547 Matthew Stafford
55%
49,235 Warren Moon
54%
47,003 Fran Tarkenton
47%
40,239 Johnny Unitas
44%
40,931 Joe Flacco
38%
46,247 Carson Palmer
36%
44,611 Drew Bledsoe
31%
43,040 Dan Fouts
30%
46,233 Vinny Testaverde
25%
40,922 Kerry Collins
13%
No matching quizzes found
Score Distribution
Percent of People with Each Score
Percentile by Number Answered
Your Score History
You have not taken this quiz